ARRUPE JESUIT UNIVERSITY

CORONAVIRUS -STOP THE SPREAD - CLEAN,DISINFECT,COVER

The underworld of India, (Record no. 119387)

MARC details
000 -LEADER
fixed length control field 00785cam a22002411 4500
001 - CONTROL NUMBER
control field 9693372
003 - CONTROL NUMBER IDENTIFIER
control field ARRUPE
005 - DATE AND TIME OF LATEST TRANSACTION
control field 20131219162741.0
008 - FIXED-LENGTH DATA ELEMENTS--GENERAL INFORMATION
fixed length control field 720114s1933 xx 000 0 eng
010 ## - LIBRARY OF CONGRESS CONTROL NUMBER
LC control number 33008513
035 ## - SYSTEM CONTROL NUMBER
System control number (OCoLC)220751
040 ## - CATALOGING SOURCE
Original cataloging agency DLC
Transcribing agency OAU
Modifying agency DLC
050 00 - LIBRARY OF CONGRESS CALL NUMBER
Classification number DS421
Item number .M25
300 ## - PHYSICAL DESCRIPTION
Other physical details front., plates.
Dimensions 24 cm.
100 1# - MAIN ENTRY--PERSONAL NAME
Personal name MacMunn, George Fletcher,
Titles and other words associated with a name Sir,
Dates associated with a name 1869-1952.
9 (RLIN) 6079
245 14 - TITLE STATEMENT
Title The underworld of India,
Statement of responsibility, etc by Lieut.-General Sir George MacMunn...
260 ## - PUBLICATION, DISTRIBUTION, ETC. (IMPRINT)
Place of publication, distribution, etc London,
Name of publisher, distributor, etc Jarrolds,
Date of publication, distribution, etc 1933.
300 ## - PHYSICAL DESCRIPTION
Extent 4 p. 1., 13-284 p.
650 #0 - SUBJECT ADDED ENTRY--TOPICAL TERM
Topical term or geographic name as entry element Crime and criminals
Geographic subdivision India.
9 (RLIN) 6080
651 #0 - SUBJECT ADDED ENTRY--GEOGRAPHIC NAME
Geographic name India
General subdivision Social conditions.
9 (RLIN) 6081
651 #0 - SUBJECT ADDED ENTRY--GEOGRAPHIC NAME
Geographic name India
General subdivision Social life and customs.
9 (RLIN) 6082
906 ## - LOCAL DATA ELEMENT F, LDF (RLIN)
a 7
b cbc
c oclcrpl
d u
e ncip
f 19
g y-gencatlg
942 ## - ADDED ENTRY ELEMENTS (KOHA)
Source of classification or shelving scheme Library of Congress Classification
Koha item type Monograph ( Printed materials)
Holdings
Withdrawn status Lost status Source of classification or shelving scheme Damaged status Not for loan Home library Current library Date acquired Total Checkouts Full call number Barcode Date last seen Price effective from Koha item type
    Library of Congress Classification     ARRUPE LIBRARY ARRUPE LIBRARY 19/12/2013   DS421 .M25 464123075 04/12/2017 19/12/2013 Monograph ( Printed materials)

 

Arrupe Library. PO Box MP320 Mt Pleasant, Harare, Zimbabwe
263 242 745411|librarian@aju.ac.zw